Velazquez: a new pronouncing dictionary of spanish and english languages

保存先:
書誌詳細
主要な著者: Velázquez de la Cadena, Mariano (著者), Gray, Edward (著者), Iribas, Juan L (著者)
フォーマット: 図書
言語:スペイン語
英語
出版事項: Nueva York Appleton-Century-Crofts 1965
主題:
タグ: タグ追加
タグなし, このレコードへの初めてのタグを付けませんか!

MARC

LEADER 00000nam a2200000 a 4500
001 UCN2373
003 CL-VaPUC
008 010518e19650000US |||||||||||||||||spa|d
041 0 7 |a spa  |2 CL-VaPUC 
041 0 7 |a eng  |2 CL-VaPUC 
082 0 4 |a 461.321  |b VEL  |2 21 
100 0 |a Velázquez de la Cadena, Mariano  |e author  |9 458173 
700 0 |a Gray, Edward  |e author  |9 458174 
700 0 |a Iribas, Juan L  |e author  |9 458175 
245 1 0 |a Velazquez: a new pronouncing dictionary of spanish and english languages 
246 1 0 |a Velázquez: nuevo diccionario de pronunciación de las lenguas inglesa y española 
300 |a 2 v 
942 |c BK 
945 |d 20010518 00:00:00  |a cmena 
260 |a Nueva York  |b Appleton-Century-Crofts  |c 1965 
500 |a Edición especial preparada para la Enciclopedia Barsa 
650 7 |a DICCIONARIOS BILINGUES  |2 CL-VaPUC  |9 455910 
650 0 |a Diccionarios inglés-español  |9 266774 
650 0 |a Diccionarios  |9 256200 
583 |a last modification  |c 20010518 00:00:00  |k Rodrigo Vera 
999 |c 295476  |d 295474 
952 |0 0  |1 0  |4 0  |6 461_321000000000000_VEL_1965  |7 0  |8 F  |9 348696  |a BIBGIM  |b BIBGIM  |d 2019-11-20  |h v.1  |i 3720470  |o 461.321 VEL 1965  |p 3720470  |r 2025-01-15  |w 2019-11-20  |y BK_F  |k GIM 
952 |0 0  |1 0  |4 0  |6 461_321000000000000_VEL_1965  |7 0  |8 F  |9 348697  |a BIBGIM  |b BIBGIM  |d 2019-11-20  |h v.2  |i 3720489  |l 1  |o 461.321 VEL 1965  |p 3720489  |r 2025-03-17  |s 2025-03-17  |w 2019-11-20  |y BK_F  |k GIM